Liste des Grands-Ducs du Luxembourg - Statistiques

Statistiques générales
  • Ce quiz a été pris 9 fois
  • Le résultat moyen est 8 sur 10
Statistiques - réponses
Règne Grand-Duc % Correct
1815 - 1840 Guillaume Ier
100%
1840 - 1849 Guillaume II
100%
1849 - 1890 Guillaume III
100%
1905 - 1912 Guillaume IV
100%
2025 - ? Guillaume V
100%
2000 - 2025 Henri
100%
1919 - 1964 Charlotte
67%
1964 - 2000 Jean
67%
1890 - 1905 Adolphe
44%
1912 - 1919 Marie-Adélaïde
33%
Aucun quiz correspondant
Distribution des résultats
% des personnes avec chaque résultat
Percentile par nombre de réponses
Votre historique - résultats
Vous n’avez pas pris ce quiz